THE LAW OF EVIDENCE (Record no. 8098)

MARC details
000 -LEADER
fixed length control field 00431nam a22001817a 4500
005 - DATE AND TIME OF LATEST TRANSACTION
control field 20230111124053.0
008 - FIXED-LENGTH DATA ELEMENTS--GENERAL INFORMATION
fixed length control field 221217b |||||||| |||| 00| 0 eng d
020 ## - INTERNATIONAL STANDARD BOOK NUMBER
ISBN 81-94568650
041 ## - LANGUAGE CODE
Language code of text/sound track or separate title eng
082 ## - DEWEY DECIMAL CLASSIFICATION NUMBER
Classification number 347 LAL-T
100 ## - MAIN ENTRY--AUTHOR NAME
Personal name LAL , BATUK
245 ## - TITLE STATEMENT
Title THE LAW OF EVIDENCE
250 ## - EDITION STATEMENT
Edition statement 23rd ed.
260 ## - PUBLICATION, DISTRIBUTION, ETC. (IMPRINT)
Place of publication ALLAHABAD
Name of publisher CENTRAL LAW AGENCY
Year of publication 2022
300 ## - PHYSICAL DESCRIPTION
Number of Pages 717;P.
440 ## - SERIES STATEMENT/ADDED ENTRY--TITLE
Title LAW
942 ## - ADDED ENTRY ELEMENTS (KOHA)
Koha item type Books
Holdings
Lost status Damaged status Collection code Home library Current library Shelving location Date acquired Source of acquisition Cost, normal purchase price Full call number Accession Number Koha item type
    LAW JRU Library JRU Library SHELF-29-B 21/10/2022 LOHIA BOOK INTERNATIONAL 580.00 347-LAL-T 27040 Books
    LAW JRU Library JRU Library SHELF-29-B 21/10/2022 LOHIA BOOK INTERNATIONAL 580.00 347-LAL-T 27041 Books